[Event "Peterborough 4NCL Easter U2000 op"]
[Site "Peterborough"]
[Date "2024.03.31"]
[Round "4"]
[White "Wheeler, Tim"]
[Black "Tart, Peter K"]
[Result "1-0"]
[WhiteElo "1813"]
[BlackElo "1903"]
[PlyCount "31"]
[EventDate "2024.03.29"]
[EventType "swiss"]
[EventRounds "7"]
[EventCountry "ENG"]
[SourceTitle "CB14_2024"]
[SourceDate "2024.04.01"]
[SourceVersion "1"]
[SourceVersionDate "2024.04.01"]
[SourceQuality "1"]

1. e4 e5 2. Nf3 Nf6 3. d4 Nxe4 4. Nxe5 d5 5. Bd3 Nd7 6. 0-0 Nxe5 7. dxe5 Qd7 8. Nc3 Nxc3 9. bxc3 Bc5 10. h3 b6 11. Bg5 Bb7 12. Qh5 Be7 13. e6 Qd6 14. Qxf7+ Kd8 15. Qxg7 Rf8 16. Qxf8# 1-0

[Event "British Rapidplay"]
[Site "Peterborough"]
[Date "2024.03.03"]
[Round "9"]
[White "Graff, Ben"]
[Black "Tart, Peter K"]
[Result "1-0"]
[WhiteElo "1849"]
[BlackElo "1903"]
[PlyCount "133"]
[EventDate "2024.03.02"]
[EventType "swiss (rapid)"]
[EventRounds "11"]
[EventCountry "ENG"]
[SourceTitle "CB10_2024"]
[SourceDate "2024.03.06"]
[SourceVersion "1"]
[SourceVersionDate "2024.03.06"]
[SourceQuality "1"]

1. e4 e5 2. Nf3 d5 3. Qe2 Bg4 4. Qb5+ Nd7 5. Qxb7 dxe4 6. Qxe4 Ngf6 7. Qc6 Bxf3 8. Qxf3 e4 9. Qe2 Bc5 10. g3 0-0 11. Bg2 Re8 12. 0-0 Rb8 13. Nc3 Bd4 14. Qc4 c5 15. Rb1 Ne5 16. Qe2 Nc6 17. Nxe4 Nxe4 18. Bxe4 f5 19. Qc4+ Kh8 20. Bxc6 Re7 21. c3 Bf6 22. Qxc5 Qd3 23. Ra1 f4 24. Qd5 Qg6 25. Qg2 Qd3 26. Qf3 Qxf3 27. Bxf3 fxg3 28. fxg3 Rbe8 29. d4 Re1 30. Bf4 Rxa1 31. Rxa1 g5 32. Be5 Bxe5 33. dxe5 Rxe5 34. Kf2 Rf5 35. g4 Rf6 36. Rd1 Rb6 37. b3 Ra6 38. Rd2 Kg7 39. a4 Rb6 40. b4 Ra6 41. a5 Rf6 42. Rd7+ Kg6 43. Rxa7 h5 44. gxh5+ Kh6 45. Kg3 Rd6 46. Rb7 Rd3 47. Rb6+ Kg7 48. Rc6 Re3 49. Kg4 Re5 50. Rg6+ Kh8 51. Rxg5 Re3 52. Rc5 Re1 53. Kg5 Rg1+ 54. Bg4 Rg2 55. h4 Rg3 56. a6 Re3 57. a7 Re8 58. Rc8 Rxc8 59. Bxc8 Kg7 60. a8Q Kh7 61. Qe4+ Kh8 62. Qe5+ Kh7 63. Bf5+ Kg8 64. Qe6+ Kg7 65. Qg6+ Kh8 66. Qe8+ Kg7 67. h6# 1-0

[Event "Basingstoke 4NCL Spring Bank 2nd"]
[Site "Basingstoke"]
[Date "2019.05.26"]
[Round "4"]
[White "Jukes, Sam"]
[Black "Tart, Peter K"]
[Result "1-0"]
[WhiteElo "1860"]
[BlackElo "1944"]
[PlyCount "87"]
[EventDate "2019.05.24"]
[EventType "swiss"]
[EventRounds "7"]
[EventCountry "ENG"]
[SourceTitle "CBM 190 Extra"]
[Source "ChessBase"]
[SourceDate "2019.07.15"]
[SourceVersion "1"]
[SourceVersionDate "2019.07.15"]
[SourceQuality "1"]

1. e4 e5 2. Nf3 Nf6 3. Nxe5 Nxe4 4. Qe2 Qe7 5. Qxe4 d6 6. d4 dxe5 7. Qxe5 Qxe5+ 8. dxe5 Nc6 9. Bb5 Bd7 10. Bxc6 Bxc6 11. 0-0 0-0-0 12. Be3 f6 13. exf6 gxf6 14. Nd2 Rg8 15. g3 f5 16. Rad1 Bb5 17. Rfe1 Bg7 18. c3 Rd7 19. Nb3 b6 20. Rxd7 Bxd7 21. Bd4 c5 22. Bxg7 Rxg7 23. f4 h5 24. Nd2 h4 25. Re3 Bc6 26. Nc4 Kc7 27. Ne5 Be4 28. g4 Bb1 29. Re1 Bxa2 30. Ra1 Bd5 31. Rxa7+ Bb7 32. g5 Rg8 33. Kf2 Rd8 34. Ke2 b5 35. Ra1 Kb6 36. Rd1 Ra8 37. g6 b4 38. g7 Rg8 39. Nd7+ Kc7 40. Nf6 bxc3 41. Nxg8 cxb2 42. Nf6 Ba6+ 43. Kd2 Bc4 44. g8Q 1-0

[Event "BCF-chT4S 1718 (4NCL)"]
[Site "England"]
[Date "2018.03.25"]
[Round "8.15"]
[White "Gibbs, Dominic V"]
[Black "Tart, Peter K"]
[Result "1-0"]
[WhiteElo "1842"]
[BlackElo "1922"]
[PlyCount "103"]
[EventDate "2017.11.11"]
[EventType "team-swiss"]
[EventRounds "11"]
[EventCountry "ENG"]
[SourceTitle "EXT 2020"]
[Source "ChessBase"]
[SourceDate "2019.10.17"]
[SourceVersion "1"]
[SourceVersionDate "2019.10.17"]
[SourceQuality "1"]
[WhiteTeam "Iceni II"]
[BlackTeam "Crowthorne"]
[WhiteTeamCountry "ENG"]
[BlackTeamCountry "ENG"]

1. c4 f5 2. d4 Nf6 3. Nc3 e6 4. Bg5 Be7 5. f3 0-0 6. e3 d6 7. Bd3 e5 8. dxe5 dxe5 9. Qc2 e4 10. fxe4 Ng4 11. Bxe7 Qxe7 12. Nd5 Qd8 13. 0-0-0 c6 14. h3 Nf2 15. Qxf2 fxe4 16. Qg3 exd3 17. Nf4 Qa5 18. Kb1 Bf5 19. Nf3 Na6 20. Nd4 Nb4 21. a3 d2+ 22. Nxf5 Qxf5+ 23. Ka1 Nc2+ 24. Ka2 Rad8 25. Rhf1 Qe4 26. Nh5 Qg6 27. Rxf8+ Kxf8 28. Qf2+ Qf7 29. Rxd2 Rxd2 30. Qxd2 Nxe3 31. Qxe3 Qxh5 32. Qxa7 Qg6 33. Qb8+ Kf7 34. Qxb7+ Kf8 35. Qc8+ Ke7 36. Qc7+ Ke8 37. Qe5+ Kd8 38. g4 Qd3 39. Qf4 g6 40. h4 Kc8 41. g5 Qc2 42. Qf7 Qe4 43. c5 Kb8 44. Qg8+ Kb7 45. Qxh7+ Ka6 46. Qf7 Qxh4 47. Qb3 Ka7 48. Qb6+ Ka8 49. Qxc6+ Ka7 50. Qb6+ Ka8 51. Qa5+ Kb7 52. Qb4+ 1-0

[Event "Wakefield 4NCL op-B 14th"]
[Site "Wokefield"]
[Date "2017.07.15"]
[Round "2"]
[White "Ross, Stuart"]
[Black "Tart, Peter K"]
[Result "0-1"]
[WhiteElo "1619"]
[BlackElo "1914"]
[PlyCount "84"]
[EventDate "2017.07.14"]
[EventType "swiss"]
[EventRounds "5"]
[EventCountry "ENG"]
[SourceTitle "EXT 2018"]
[Source "ChessBase"]
[SourceDate "2017.10.13"]
[SourceVersion "1"]
[SourceVersionDate "2017.10.13"]
[SourceQuality "1"]

1. e4 e5 2. Nf3 Nf6 3. Nxe5 Nxe4 4. Qe2 Qe7 5. Nf3 Nc6 6. d3 Nf6 7. Bg5 d5 8. Bxf6 gxf6 9. Qxe7+ Bxe7 10. Nc3 Be6 11. 0-0-0 d4 12. Ne2 0-0-0 13. a3 Bg4 14. h3 Bh5 15. g4 Bg6 16. Bg2 h5 17. Rde1 Rhe8 18. gxh5 Bxh5 19. Nf4 Rg8 20. Nh4 f5 21. Rxe7 Nxe7 22. Nxh5 Rh8 23. Bf3 Rd6 24. Nxf5 Nxf5 25. Bg4 Kd8 26. Bxf5 Rxh5 27. Bg4 Re5 28. f4 Re3 29. f5 c5 30. Kd2 Ke7 31. Rg1 a5 32. h4 Rh6 33. h5 Kf6 34. c3 Ke5 35. Rf1 Rb6 36. b4 axb4 37. axb4 Ra6 38. cxd4+ cxd4 39. Bd1 Ra2+ 40. Bc2 Rh3 41. Re1+ Kxf5 42. Re7 Rh2+ 0-1

[Event "Sunningdale e2e4 U2050 op 05"]
[Site "Sunningdale"]
[Date "2014.05.26"]
[Round "6"]
[White "Tart, Peter K"]
[Black "De Coverly, Roger D"]
[Result "0-1"]
[WhiteElo "1933"]
[BlackElo "2024"]
[PlyCount "120"]
[EventDate "2014.05.23"]
[EventType "swiss"]
[EventRounds "7"]
[EventCountry "ENG"]
[SourceTitle "EXT 2015"]
[Source "ChessBase"]
[SourceDate "2014.11.20"]
[SourceVersion "1"]
[SourceVersionDate "2014.11.20"]
[SourceQuality "1"]

1. e4 e5 2. Nf3 Nc6 3. Bb5 a6 4. Ba4 Nf6 5. Qe2 b5 6. Bb3 Be7 7. 0-0 0-0 8. c3 d6 9. Rd1 Na5 10. Bc2 c5 11. d4 Qc7 12. d5 Re8 13. h3 g6 14. b3 Bf8 15. Be3 Bg7 16. Nbd2 Bd7 17. Rdc1 Nh5 18. Nf1 Qc8 19. Qd2 f5 20. exf5 gxf5 21. Bh6 f4 22. Bxg7 Nxg7 23. Ng5 Bf5 24. Ne4 Qd8 25. Nh2 Nb7 26. Qe2 Rf8 27. Nf3 Qe7 28. Kh2 Nd8 29. a4 b4 30. cxb4 cxb4 31. Bd3 Bxe4 32. Qxe4 Ne8 33. Ng5 Nf6 34. Qf5 Ra7 35. Bc4 Nd7 36. Qg4 Kh8 37. Ne4 Nf6 38. Nxf6 Qxf6 39. Bd3 Rg7 40. Qc8 Nb7 41. Qe6 Qg5 42. Qg4 Qxg4 43. hxg4 Nc5 44. Rxc5 dxc5 45. Bxa6 Rxg4 46. f3 Rg3 47. Bd3 Rfg8 48. Ra2 h5 49. Re2 h4 50. Bf5 R3g5 51. Be6 Rd8 52. Rc2 h3 53. gxh3 Rg3 54. Rf2 Kg7 55. Rg2 Rxg2+ 56. Kxg2 Kf6 57. Kf2 c4 58. Ke2 cxb3 59. Kd2 Ra8 60. Bd7 e4 0-1